000
00325nam a22001457a 4500
008
230206b ||||| |||| 00| 0 eng d
020
_a
9780321783573
041
_a
eng
080
_2
4TH EDITION
_a
51
082
_a
51
100
_a
20
101
_a
MATE
245
_a
COLLEGE ALGEBRA IN CONTEXT
_c
YOCCO H
942
_2
udc
_c
BK
999
_c
59307
_d
59307